Admin911 : SMS
Install, configure, and maintain Microsoft Systems Management Server on your organization’s network with help from Admin911: SMS.
Guardado en:
| Autor principal: | |
|---|---|
| Formato: | Libro |
| Lenguaje: | Undetermined |
| Publicado: |
Berkley
Osborne/McGraw-Hill
2001
|
| Materias: | |
| Etiquetas: |
Agregar Etiqueta
Sin Etiquetas, Sea el primero en etiquetar este registro!
|
| Thư viện lưu trữ: | Trung tâm Học liệu Trường Đại học Cần Thơ |
|---|
| LEADER | 00701nam a2200229Ia 4500 | ||
|---|---|---|---|
| 001 | CTU_166787 | ||
| 008 | 210402s9999 xx 000 0 und d | ||
| 020 | |c 39.99 | ||
| 082 | |a 005.71 | ||
| 082 | |b T795 | ||
| 100 | |a Trent, Rod | ||
| 245 | 0 | |a Admin911 : | |
| 245 | 0 | |b SMS | |
| 245 | 0 | |c Rod Trent | |
| 260 | |a Berkley | ||
| 260 | |b Osborne/McGraw-Hill | ||
| 260 | |c 2001 | ||
| 520 | |a Install, configure, and maintain Microsoft Systems Management Server on your organization’s network with help from Admin911: SMS. | ||
| 650 | |a Computer networks,Mạng máy tính | ||
| 650 | |x Management,Quản trị | ||
| 904 | |i Anh Phuong | ||
| 980 | |a Trung tâm Học liệu Trường Đại học Cần Thơ | ||